UBT Library

Reforming International Environmental Governance (Record no. 478)

000 -LEADER
fixed length control field 00613nam a22002057a 4500
005 - DATE AND TIME OF LATEST TRANSACTION
control field 20140604133041.0
006 - FIXED-LENGTH DATA ELEMENTS--ADDITIONAL MATERIAL CHARACTERISTICS--GENERAL INFORMATION
fixed length control field
007 - PHYSICAL DESCRIPTION FIXED FIELD--GENERAL INFORMATION
fixed length control field
008 - FIXED-LENGTH DATA ELEMENTS--GENERAL INFORMATION
fixed length control field 050118e200506uuja s|||||||| 2|eng|d
020 ## - INTERNATIONAL STANDARD BOOK NUMBER
International Standard Book Number 9280811118
082 00 - DEWEY DECIMAL CLASSIFICATION NUMBER
Classification number 504.03
245 10 - TITLE STATEMENT
Title Reforming International Environmental Governance
250 ## -
-- 1 st.ed.;
260 ## -
-- Tokyo :
-- United Nations University Press
-- 2005
300 ## -
-- 234 f.:
-- 23 cm,
500 ## -
-- Index f.227-234
650 ## -
-- Mjedisi,
700 1# -
-- W.Bradnee Chambers, Jessica F. Green.
942 ## - ADDED ENTRY ELEMENTS (KOHA)
Source of classification or shelving scheme
Item type Books
Holdings
Withdrawn status Lost status Source of classification or shelving scheme Damaged status Not for loan Collection code Permanent location Current location Shelving location Date acquired Total Checkouts Full call number Barcode Date last seen Koha item type
          Koleksioni i përgjithshem UBT - Ferizaj UBT - Ferizaj Koleksioni i përgjithshem 06/04/2014   504.03 REF 003000556 06/04/2014 Books
          Koleksioni i përgjithshem UBT - Ferizaj UBT - Ferizaj Koleksioni i përgjithshem 06/04/2014   504.03 REF 003000557 06/04/2014 Books
          Koleksioni i përgjithshem UBT - Ferizaj UBT - Ferizaj Koleksioni i përgjithshem 06/04/2014   504.03 REF 003000558 06/04/2014 Books
          Koleksioni i përgjithshem UBT - Ferizaj UBT - Ferizaj Koleksioni i përgjithshem 06/04/2014   504.03 REF 003000559 06/04/2014 Books
          Koleksioni i përgjithshem UBT - Ferizaj UBT - Ferizaj Koleksioni i përgjithshem 06/04/2014   504.03 REF 003000560 06/04/2014 Books
          Koleksioni i përgjithshem UBT - Ferizaj UBT - Ferizaj Koleksioni i përgjithshem 06/04/2014   504.03 REF 003000561 06/04/2014 Books
          Koleksioni i përgjithshem UBT - Ferizaj UBT - Ferizaj Koleksioni i përgjithshem 06/04/2014   504.03 REF 003000562 06/04/2014 Books
          Koleksioni i përgjithshem UBT - Ferizaj UBT - Ferizaj Koleksioni i përgjithshem 06/04/2014   504.03 REF 003000563 06/04/2014 Books
          Koleksioni i përgjithshem UBT - Ferizaj UBT - Ferizaj Koleksioni i përgjithshem 06/04/2014   504.03 REF 003000564 06/04/2014 Books
          Koleksioni i përgjithshem UBT - Ferizaj UBT - Ferizaj Koleksioni i përgjithshem 06/04/2014   504.03 REF 003000565 06/04/2014 Books
UBT Library © 2015-2024. All rights reserved University Education for Business and Technology